| 000 | 01298cam a22003377a 4500 | ||
|---|---|---|---|
| 001 | 13400713 | ||
| 003 | NUST-PNEC | ||
| 005 | 20170116180727.0 | ||
| 008 | 030804s2003 ne 001 0 eng d | ||
| 010 | _a 2003278499 | ||
| 020 | _a0750676094 | ||
| 020 | _a8181476123 | ||
| 035 | _a(OCoLC)ocm52779056 | ||
| 040 | _cPNEC | ||
| 042 | _alccopycat | ||
| 050 | 0 | 0 |
_aTK7895.E42 _bE37 2003 |
| 082 | 0 | 0 |
_a004.266 EDW _222 |
| 100 | 1 | _aEdwards, Lewin A. R. W. | |
| 245 | 1 | 0 |
_aEmbedded system design on a shoestring : achieving high performance with a limited budget / _cby Lewin A.R.W. Edwards. |
| 260 |
_aAmsterdam ; _aBoston : _bNewnes, _c2003. |
||
| 300 |
_aix, 232 p. ; _c24 cm. |
||
| 440 | 0 | _aEmbedded technology series | |
| 500 | _aIncludes index. | ||
| 650 | 0 |
_aEmbedded computer systems. _xComputer, MIS |
|
| 650 | 0 | _aSystem design. | |
| 856 | 4 | 2 |
_3Publisher description _uhttp://www.loc.gov/catdir/description/els041/2003278499.html |
| 856 | 4 | 1 |
_3Table of contents _uhttp://www.amazon.com/Embedded-Shoestring-experience-designing-software/dp/0750676094/ref=sr_1_1?s=books&ie=UTF8&qid=1415358168&sr=1-1&keywords=0750676094 |
| 906 |
_a7 _bcbc _ccopycat _d3 _encip _f20 _gy-gencatlg |
||
| 942 |
_2ddc _cBK |
||
| 999 |
_c61671 _d61671 |
||